Matemática 1 /

Guardado en:
Autor Principal: Tapia, Nelly Vázquez de
Formato: Libro
Publicado: Buenos Aires : Estrada, 1985
Edición:9a. ed.
Materias:
Etiquetas: Agregar Etiqueta
Sin Etiquetas, Sea el primero en etiquetar este registro!
LEADER 02886nam a22005055a 4500
001 CEM.cems006193
008 130507s1985##################000#0#####d
005 20250507090159.0
245 1 0 |a Matemática 1 /  |c Nelly Vázquez de Tapia 
250 |a 9a. ed. 
260 |a Buenos Aires :  |b Estrada,  |c 1985 
300 |a 490 p. 
505 0 |a Conjuntos y relaciones -- Números enteros y racionales -- Transformaciones del plano en sí mismo -- Números decimales -- Polígonos -- Magnitudes -- Cuadriláteros y cuadrángulos -- Magnitudes proporcionales --Circunferencia y círculo -- Porcentaje -- Interés -- Descuento -- Equivalencia y área de superficies poligonales -- Aplicaciones de las magnitudes proporcionales --Respuesta a los ejercicios y problemas 
100 1 |a Tapia, Nelly Vázquez de 
082 0 4 |a 510 
653 |a Matemática 
653 |a Ángulos 
653 |a Codominio 
653 |a Conjuntos 
653 |a Dominio 
653 |a Funciones 
859 |a CEMS  |b BIB. CEMS - Agricultura  |h 510  |i T162a9  |p A10985.82  |t Ej.1  |v 1  |3 1 
859 |a CEMS  |b BIB. CEMS - 11 de abril  |h 510  |i T162a9  |p 8938.81  |t Ej.1  |v I  |3 I 
859 |a CEMS  |b BIB. CEMS - 11 de abril  |h 510  |i T162a9  |p 8939.81  |t Ej.2  |v I  |3 I 
859 |a CEMS  |b BIB. CEMS - 11 de abril  |h 510  |i T162a9  |p 8940.81  |t Ej.3  |v I  |3 I 
859 |a CEMS  |b BIB. CEMS - 11 de abril  |h 510  |i T162a9  |p 8941.81  |t Ej.4  |v I  |3 I 
859 |a CEMS  |b BIB. CEMS - 11 de abril  |h 510  |i T162a9  |p 8942.81  |t Ej.5  |v I  |3 I 
859 |a CEMS  |b BIB. CEMS - 11 de abril  |h 510  |i T162a9  |p 8943.81  |t Ej.6  |v I  |3 I 
859 |a CEMS  |b BIB. CEMS - 11 de abril  |h 510  |i T162a9  |p 8944.81  |t Ej.7  |v I  |3 I 
859 |a CEMS  |b BIB. CEMS - 11 de abril  |h 510  |i T162a9  |p 8945.81  |t Ej.8  |v I  |3 I 
859 |a CEMS  |b BIB. CEMS - 11 de abril  |h 510  |i T162a9  |p 14289.86  |t Ej.9  |v I  |3 I 
859 |a CEMS  |b BIB. CEMS - 11 de abril  |h 510  |i T162a9  |p 8947.81  |t Ej.10  |v I  |3 I 
859 |a CEMS  |b BIB. CEMS - 11 de abril  |h 510  |i T162a9  |p 45656.80  |t Ej.11  |v I  |3 I 
859 |a CEMS  |b BIB. CEMS - 11 de abril  |h 510  |i T162a9  |p 10271.81  |t Ej.13  |v I  |3 I 
859 |a CEMS  |b BIB. CEMS - 11 de abril  |h 510  |i T162a9  |p 10272.81  |t Ej.14  |v I  |3 I 
859 |a CEMS  |b BIB. CEMS - 11 de abril  |h 510  |i T162a9  |p 10273.81  |t Ej.15  |v I  |3 I 
859 |a CEMS  |b BIB. CEMS - 11 de abril  |h 510  |i T162a9  |p 10274.81  |t Ej.16  |v I  |3 I 
859 |a CEMS  |b BIB. CEMS - 11 de abril  |h 510  |i T162a9  |p 10275.81  |t Ej.17  |v I  |3 I 
859 |a CEMS  |b BIB. CEMS - 11 de abril  |h 510  |i T162a9  |p 10276.81  |t Ej.18  |v I  |3 I 
859 |a CEMS  |b BIB. CEMS - 11 de abril  |h 510  |i T162a9  |p 10278.81  |t Ej.20  |v I  |3 I 
859 |a CEMS  |b BIB. CEMS - 11 de abril  |h 510  |i T162a9  |p 10279.81  |t Ej.21  |v I  |3 I 
859 |a CEMS  |b BIB. CEMS - 11 de abril  |h 510  |i T162a9  |p 10280.81  |t Ej.22  |v I  |3 I 
859 |a CEMS  |b BIB. CEMS - 11 de abril  |h 510  |i T162a9  |p 10985.82  |t Ej.23  |v I  |3 I 
859 |a CEMS  |b BIB. CEMS - 11 de abril  |h 510  |i T162a9  |p 9215.81  |t Ej.25  |v I  |3 I 
859 |a CEMS  |b BIB. CEMS - 11 de abril  |h 510  |i T162a9  |p 8948.81  |t Ej.26  |v I  |3 I